| 000 | 00581 a2200181 4500 | ||
|---|---|---|---|
| 999 |
_c4930 _d4930 |
||
| 010 | _aENG-86668 | ||
| 020 |
_c450.00 _a8125030778 |
||
| 035 | _aEN-70201 | ||
| 037 | _bDBAD / PUB | ||
| 082 | 1 | 4 | _a320.95491 |
| 100 | 1 | _aTariq Rahman | |
| 245 | 1 |
_aLanguage and politics in Pakistan / _cby Tariq Rahman |
|
| 260 |
_aChennai _bOrient Longman _c2007 |
||
| 270 |
_a160 Anna Salai, _bChennai _e600 002 _mchegeneral@orientlongman.com |
||
| 300 |
_axx,320 p _c21 cm (Pbk) |
||
| 500 | _aIncludes bibliographical refrences and index | ||
| 942 |
_adpl _cEN _2ddc _h320.95491 _mTAR |
||